Comparative activation of estrogen receptor alpha (er alpha) by endocrine disruptors /

Bibliographic Details
Main Author: Wu, Fei
Other Authors: Safe, Stephen H. (Thesis advisor)
Format: Thesis eBook
Language:English
Published: [College Station, Tex.] : [Texas A&M University], [2010]
Subjects:
Online Access:Link to OAK Trust copy

MARC

Tag First Indicator Second Indicator Subfields
LEADER 00000cam a2200000Ka 4500
001 in00002575500
005 20151201150151.0
006 m f d
007 cr unu||||||||
008 100428s2010 txu sbm 000 0 eng d
035 |a (OCoLC)ocn609907409 
035 |a (OCoLC)609907409 
035 |a (TxCM)http://hdl.handle.net/1969.1/ETD-TAMU-2433 
040 |a TXA  |c TXA  |d UtOrBLW 
049 |a TXAM 
099 |a 2007  |a Dissertation  |a 1969.1/ETD-TAMU-2433 
100 1 |a Wu, Fei. 
245 1 0 |a Comparative activation of estrogen receptor alpha (er alpha) by endocrine disruptors /  |c by Fei Wu. 
264 1 |a [College Station, Tex.] :  |b [Texas A&M University],  |c [2010] 
300 |a 1 online resource. 
336 |a text  |b txt  |2 rdacontent 
337 |a computer  |b c  |2 rdamedia 
338 |a online resource  |b cr  |2 rdacarrier 
500 |a "Major Subject: Biochemistry" 
500 |a Title from author supplied metadata (automated record created 2010-03-12 12:08:51). 
502 |b Doctor of Philosophy  |c Texas A&M University  |d 2007  |o http://hdl.handle.net/1969.1/ETD-TAMU-2433 
504 |a Includes bibliographical references. 
516 |a Text (Dissertation) 
520 3 |a Estrogen receptor a (ERa) is a ligand activated transcription factor. Many widely used synthetic compounds and natural chemicals can activate ERa. The compounds investigated in this study include 17B-estradiol (E2), diethylstilbestrol (DES), antiestrogens ICI 182,780, 4-hydroxytamoxifen, the phytoestrogen resveratrol, and the xenoestrogens bisphenol A (BPA), nonylphenol (NP), octylphenol (OP), endosulfan, kepone, 2,2-bis(p-hydroxyphenyl)-1,1,1- trichloroethane (HPTE) and 2,3,4,5-tetrachlorobiphenylol-4-ol (HO-PCB-Cl4). With the exception of the antiestrogens, all the compounds induced transactivation in MCF-7 or MDA-MB-231 cells transfected with wild-type ERa and a construct (pERE3) containing three tandem estrogen responsive elements (EREs) linked to a luciferase gene. However, these compounds differentially activated C-terminal deletion mutants of ERa. For example, neither E2 nor DES induced transactivation in MCF-7 transfected with ERa(1-537) due to partial deletion of helix 12 of ERa; however, OP, NP, resveratrol, kepone and HPTE induced this ERa mutant, demonstrating that the estrogenic activity of these synthetic compounds do not require activation function 2 (AF-2) of ERa. This study also investigated the effects of xenoestrogens on activation of reporter gene activity in MCF-7 and MDA-MB-231 cells transfected with a construct (pSp13) containing three tandem GC-rich Sp binding sites linked to the luciferase gene. In MCF-7 cells, antiestrogen-induced activation of ERa/Sp1 required the zinc finger motifs of ERa, whereas activation by estrogen and some xenoestrogens activation, such as endosulfan, NP and OP required the H12 of ERa. In contrast, xenoestrogens, such as HPTE, BPA, kepone and HO-PCBCl4, significantly induced transactivation of all four ERa deletion mutants tested in this study. Moreover, RNA interference assays demonstrated structuredependent differences in activation of ERa/Sp1, ERa/Sp3 and ERa/Sp4. The in vivo activities of E2, ICI 182,780, BPA and NP were further investigated in a transgenic mouse model containing pSp13 transgene. All the compounds induced luciferase activity in the mouse uterus; however activities observed in the penis and testis of male and stomach of both male and female mice were structure-dependent,. These results demonstrate that various ER ligands differentially activate ERa in breast cancer cells and transgenic mice, and their activities are dependent on ERa variants, promoter-, cell-context and selective use of different Sp proteins, suggesting these structurally diverse compounds are selective ER modulators (SERMs). 
500 |a Electronic resource. 
650 4 |a Major biochemistry. 
653 |a endocrine disruptors 
653 |a breast cancer 
653 |a estrogen receptor 
700 1 |a Safe, Stephen H.,  |e thesis advisor. 
856 4 0 |u http://hdl.handle.net/1969.1/ETD-TAMU-2433  |z Link to OAK Trust copy  |t 0 
948 |a cataloged  |b h  |c 2010/4/28  |d c  |e jgreene  |f 4:29:32 pm 
994 |a C0  |b TXA 
999 |a MARS 
999 f f |s b301e46f-8c52-3548-832a-755eb4351458  |i 92ef2457-60c8-3810-9bc6-aae23c480bb3  |t 0 
952 f f |a Texas A&M University  |b College Station  |c Electronic Resources  |d Available Online  |t 0  |e 2007 Dissertation 1969.1/ETD-TAMU-2433  |h Other scheme 
998 f f |a 2007 Dissertation 1969.1/ETD-TAMU-2433  |t 0  |l Available Online